|
|
|
|
| LEADER |
01714nam a2200433 a 4500 |
| 001 |
EBC681199 |
| 003 |
MiAaPQ |
| 005 |
20200520144314.0 |
| 006 |
m o d | |
| 007 |
cr cn||||||||| |
| 008 |
101021s2011 dcuab sb 001 0 eng d |
| 010 |
|
|
|z 2010044914
|
| 020 |
|
|
|z 9780821369531
|
| 020 |
|
|
|a 9780821369548 (electronic bk.)
|
| 035 |
|
|
|a (MiAaPQ)EBC681199
|
| 035 |
|
|
|a (Au-PeEL)EBL681199
|
| 035 |
|
|
|a (CaPaEBR)ebr10453803
|
| 035 |
|
|
|a (CaONFJC)MIL301624
|
| 035 |
|
|
|a (OCoLC)715175988
|
| 040 |
|
|
|a MiAaPQ
|c MiAaPQ
|d MiAaPQ
|
| 050 |
|
4 |
|a HC79.P6
|b N35 2011
|
| 082 |
0 |
4 |
|a 339.4/6
|2 22
|
| 100 |
1 |
|
|a Nallari, Raj,
|d 1955-
|
| 245 |
1 |
0 |
|a Understanding growth and poverty
|h [electronic resource] :
|b theory, policy, and empirics /
|c Raj Nallari and Breda Griffith.
|
| 260 |
|
|
|a Washington, D.C. :
|b World Bank,
|c c2011.
|
| 300 |
|
|
|a xxii, 498 p. :
|b ill., map.
|
| 490 |
1 |
|
|a Directions in development. Poverty
|
| 504 |
|
|
|a Includes bibliographical references and index.
|
| 505 |
0 |
|
|a pt. 1. Poverty, national income, and economic growth -- pt. 2. Government policy, growth and the poor -- pt. 3. Factor accumulation and structural policy.
|
| 533 |
|
|
|a Electronic reproduction. Ann Arbor, MI : ProQuest, 2015. Available via World Wide Web. Access may be limited to ProQuest affiliated libraries.
|
| 650 |
|
0 |
|a Poverty.
|
| 650 |
|
0 |
|a Economic development.
|
| 650 |
|
0 |
|a Development economics.
|
| 655 |
|
4 |
|a Electronic books.
|
| 700 |
1 |
|
|a Griffith, Breda.
|
| 710 |
2 |
|
|a World Bank.
|
| 710 |
2 |
|
|a ProQuest (Firm)
|
| 830 |
|
0 |
|a Directions in development (Washington, D.C.).
|p Poverty.
|
| 856 |
4 |
0 |
|u https://ebookcentral.proquest.com/lib/matrademy/detail.action?docID=681199
|z Click to View
|